000 01794nam a2200325Ia 4500
999 _c41620
_d41620
001 8289
003 GE_BSU
005 20211124121732.0
008 181216s2011||||ge |||||||||||||| ||geo||
020 _a9789941112508
040 _cGE_BSU
041 _ageo
080 _a659.4 უ–32
100 _aუილკოქსი, დენის ლ.
_913008
245 _aსაზოგადოებასთან ურთიერთობა :
_bსტრატეგია და ტაქტიკა /
_cდენის ლ. უილკოქსი, გლენ ტ. კამერონი ; [მთარგმნ.: ხათუნა მაისაშვილი, მაია გოგოლაძე, თამარ წილოსანი ; რედ. ლალი ქადაგიძე].
250 _aპირველი გამოცემა
264 _aთბილისი :
_bდიოგენე,
_c2011.
300 _a612 გვ. ;
_bილ.,
_c25 სმ.
500 _a საძიებელი: გვ. 601-610.
504 _aბიბლიოგრ. გვ. 594-600
541 _h35ლ.
653 _aსაზოგადოებასთან ურთიერთობა
653 _aსტრატეგია და ტაქტიკა
700 _a კამერონი, გლენ ტ.
_eავტორი
_913009
700 _aმაისაშვილი, ხათუნა
_eრედაქტორი
_911186
700 _aგოგოლაძე, მაია
_eრედაქტორი
_911183
700 _aწილოსანი, თამარ
_eრედაქტორი
_911187
700 _aქადაგიძე, ლალი
_eრედაქტორი
_910069
942 _cBK
_2udc